04038nam a2200301 i 4500001001000000003000900010005001700019007000300036008004100039040003000080082002900110245024800139250001200387264005100399300005600450336002700506337003300533338002800566490003200594505269100626533006903317650006603386651008303452651006603535651006603601700003603667700003303703000027026DO-SdBNP20240913141919.0ta110329s1973 dr ac 000 0 spa d aDO-SdBNPbspacBNPHUerda 4a972.9305bD637h 197322200aDocumentos históricos que se refieren a la intervención armada de los Estados Unidos de Norte-América y la implantación de un gobierno militar americano en la República Dominicana /crecopilado por Antonio Hoepelman y Juan A. Senior. a2a. ed. aSanto Domingo :bLibrería Dominicana,c1973. a374 páginas :bilustraciones y retratos ;c21 cm. 2rdacontentatextobtxt 2rdamediaasin mediaciónbn 2rdacarrieravolumenbnc0 aPensamiento dominicano ;v1 aTítulos,5.-- Introducción,7.-- Palabras preliminares,9.-- Datos biográficos de Monseñor Adolfo A. Nouel,13.-- Carta de monseñor Nouel al ministro americano Russell,17.-- Datos biográficos del licdo. Jacinto R. de Castro,20.-- La junta consultiva ante la comisión senatorial,24.-- Datos biográficos de don Federico Velázquez H.,26.-- Senador Attlee Pomerene,30.-- Senador Joseph Medill Mc Cormick,35.-- Senador Aristieus Andrieus Jones,36.-- Senador Tasker Lowndes Oddie,39.-- George Russell Leonard, taquígrafo,40.-- La comisión senatorial inicia sus labores,41.-- Licdo. Francisco J. Peynado,45.-- Extracto de las declaraciones del lic. Francisco J. Peynado,47.-- Dr. Moisés García Mella,60.-- Declaraciones del dr. Moisés García Mella,63.-- Opinión del dr. Moisés García Mella,82.-- Licdo. Pedro A. Pérez, 84.-- El lic. Pedro A. Pérez ante la comisión senatorial,88.-- Licdo. Enrique Henríquez, 100.-- Importantes declaraciones del Lic. Enrique Henríquez, 104.-- Licdo. Arturo Logroño,114.-- El licdo. Logroño ante la comisión,117.-- Don José Manuel Jimenes,140.-- Declaraciones de don José Manuel Jimenes,143.-- Don Pedro A. Ricart,151.-- Palabras del presidente de la cámara de comercio,152.-- El dr. Coradín frente a la comisión senatorial,154.--Pedro Hernández Rivera ante la comisión,158.-- Otra vez el doctor Coradín ante la comisión,164.-- Licdo. Manuel de J. González Marrero,173.-- Declaraciones del sr. Luis Batista,174.-- Don Rafael Isaac Pou,185.-- El sr. Rafael Isaac Pou ante la comisión senatorial,186.-- Licdo. Rafael Justino Castillo,203.-- Sensacionales declaraciones del sr. Fco. A. Cordero,204.-- Declaraciones del sr. Jesús Ma. Vásquez,208.-- Declaraciones del sr. Emilio Suárez,219.-- Don Jesús Cobian Arango,230.-- Declaraciones del sr. Doroteo A. Regalado,234.-- Hon. Horace Greeley Knowles,240.-- Declaraciones de Knowles ante la comisión de senadores,243.-- Manifestación de protesta del pueblo dominicano,251.-- Don Julio F. Peynado,255.-- Palabras pronunciadas por el prof. Julio F. Peynado,257.-- Palabras del senador Mc Cormick,260.-- Palabras del senador Pomerene,261.-- Informe del licdo. Francisco J. Peynado,263.-- Dr. Francisco Henríquez y Carvajal,294.-- General Horacio Vásquez,300.-- Licdo. Enrique Jimenez,306.-- Compromiso solemne de Puerto Plata,312.-- Licdo. Cayetano Armando Rodríguez,319.-- Consultor jurídico de la S. de E. de justicia etc.,321.-- Carta de la Hon. Cámara de Cuentas de la República,326.-- Se hace conocer uno de los tentáculos etc,328.-- Resumen de las actuaciones de la cancillería dominicana,330.-- Página final,372. aFacsímil:bSanto Domingo :cImprenta de J.R. Vda Garciad1922. 4aEstados unidosxRelaciones exterioreszRepública Dominicana 0aRepública Dominicana --xHistoria --yOcupación norteamericana, 1916-1924  4aEstados UnidosxRelaciones exterioreszRepública Dominicana 4aRepública DominicanaxRelaciones ExterioreszEstados Unidos1 aHoepelman, Antonio,ecompilador1 aSenior, Juan A.,ecompilador